| 000 | 00558nam a2200205Ia 4500 | ||
|---|---|---|---|
| 003 | OSt | ||
| 005 | 20250922103412.0 | ||
| 008 | 210719s1981 xx 000 0 und d | ||
| 040 | _cAL | ||
| 041 | _aTulu | ||
| 082 | _aT894.2 KUDS | ||
| 100 |
_aKUDKADI VISHVANATHA RAI _dಕುಡ್ಕಾಡಿ ವಿಶ್ವನಾಥ ರೈ _9239930 |
||
| 245 |
_aSankranti _bಸಂಕ್ರಾಂತಿ |
||
| 260 |
_aBangalore _bTulu Kuta _c1981 |
||
| 300 |
_a45 _bPB |
||
| 365 |
_b20 _cRs |
||
| 650 |
_aTulu Drama _9239931 |
||
| 906 | _asanktanti | ||
| 942 |
_2ddc _cBK |
||
| 999 |
_c214739 _d214739 |
||